US States With the Most Kohl's Locations - Statistics

General Stats
  • This quiz has been taken 15 times
  • The average score is 10 of 10
Answer Stats
# of locations State % Correct
114 California
100%
52 Florida
100%
65 Illinois
100%
46 Michigan
100%
50 New York
100%
58 Ohio
100%
51 Pennsylvania
100%
90 Texas
100%
42 Indiana
90%
42 Wisconsin
60%
No matching quizzes found
Score Distribution
Percent of People with Each Score
Percentile by Number Answered
Your Score History
You have not taken this quiz